Basic electrical engineering (Record no. 7166)

000 -LEADER
fixed length control field 00658nam a2200217 4500
001 - CONTROL NUMBER
control field 7166
003 - CONTROL NUMBER IDENTIFIER
control field BD-DhUET
008 - FIXED-LENGTH DATA ELEMENTS--GENERAL INFORMATION
fixed length control field 740521s1975 nyua 001 0 eng
020 ## - INTERNATIONAL STANDARD BOOK NUMBER
International Standard Book Number 0070211523
040 ## - CATALOGING SOURCE
Original cataloging agency DLC
Transcribing agency DLC
Modifying agency BD-DhUET
082 00 - DEWEY DECIMAL CLASSIFICATION NUMBER
Classification number 623
Item number FIT/1975
100 1# - MAIN ENTRY--PERSONAL NAME
Personal name Fitzgerald, A. E.
245 10 - TITLE STATEMENT
Title Basic electrical engineering
Remainder of title circuits,electronics,machines,control
Statement of responsibility, etc. by A. E. Fitzgerald, David E. Higginbotham and Arvin Grabel
250 ## - EDITION STATEMENT
Edition statement 4th ed.
260 ## - PUBLICATION, DISTRIBUTION, ETC. (IMPRINT)
Place of publication, distribution, etc. New York
Name of publisher, distributor, etc. McGraw-Hill
Date of publication, distribution, etc. 1975
300 ## - PHYSICAL DESCRIPTION
Extent xiv, 817 p.
Other physical details illus.
Dimensions 24 cm.
650 #0 - SUBJECT ADDED ENTRY--TOPICAL TERM
Topical term or geographic name as entry element Electricity : Engineering
700 ## - ADDED ENTRY--PERSONAL NAME
Personal name Higginbotham, David E.
700 ## - ADDED ENTRY--PERSONAL NAME
Personal name Grabel, Arvin
942 ## - ADDED ENTRY ELEMENTS (KOHA)
Koha item type General Book
Holdings
Koha date last seen Koha date last borrowed Copy number Shelving location Koha issues (times borrowed) Date acquired Koha full call number Koha item type Piece designation (barcode) Not for loan Damaged status Location (home branch) Koha normalized classification for sorting Source of classification or shelving scheme Sublocation or collection (holding branch) Withdrawn status Price effective from Lost status
2018-08-042018-07-211Circulation section12014-12-07623/PIT/1975General Book65364  Central Library, BUET623PIT1975 Central Library, BUET 2014-12-07 
2015-03-12 2Circulation section 2015-03-12623/PIT/1975General Book43309  Central Library, BUET623_000000000000000_PIT_1975 Central Library, BUET 2015-03-12 
2015-03-12 3Circulation section 2015-03-12623/PIT/1975General Book43314  Central Library, BUET623_000000000000000_PIT_1975 Central Library, BUET 2015-03-12 
2015-03-12 4Circulation section 2015-03-12623/PIT/1975General Book43676  Central Library, BUET623_000000000000000_PIT_1975 Central Library, BUET 2015-03-12 
2015-03-12 5Circulation section 2015-03-12623/PIT/1975General Book42843  Central Library, BUET623_000000000000000_PIT_1975 Central Library, BUET 2015-03-12 
2015-04-16 6Circulation section 2015-04-16623/FIT/1975General Book43308  Central Library, BUET623_000000000000000_FIT_1975 Central Library, BUET 2015-04-16 
2015-04-18 7Circulation section 2015-04-18623/FIT/1975General Book43316  Central Library, BUET623_000000000000000_FIT_1975 Central Library, BUET 2015-04-18 
2015-04-21 8Circulation section 2015-04-21623/FIT/1975General Book43310  Central Library, BUET623_000000000000000_FIT_1975 Central Library, BUET 2015-04-21 
2015-04-21 9Circulation section 2015-04-21623/FIT/1975General Book43677  Central Library, BUET623_000000000000000_FIT_1975 Central Library, BUET 2015-04-21 
2015-04-21 10Circulation section 2015-04-21623/FIT/1975General Book43313  Central Library, BUET623_000000000000000_FIT_1975 Central Library, BUET 2015-04-21 
2015-04-21 11Circulation section 2015-04-21623/FIT/1975General Book43307  Central Library, BUET623_000000000000000_FIT_1975 Central Library, BUET 2015-04-21 
2015-04-21 12Circulation section 2015-04-21623/FIT/1975General Book51101  Central Library, BUET623_000000000000000_FIT_1975 Central Library, BUET 2015-04-21 
2015-06-28 13Reading section 2015-06-28623/FIT/1975Reading Item42841  Central Library, BUET623_000000000000000_FIT_1975 Central Library, BUET 2015-06-28 
2015-06-28 14Reading section 2015-06-28623/FIT/1975Reading Item42840  Central Library, BUET623_000000000000000_FIT_1975 Central Library, BUET 2015-06-28 
2015-06-28 15Reading section 2015-06-28623/FIT/1975Reading Item43679  Central Library, BUET623_000000000000000_FIT_1975 Central Library, BUET 2015-06-28